[Event "Bundesliga 0405"]
[Site "Germany"]
[Date "2005.03.14"]
[Round "13.5"]
[White "Beliavsky, Alexander G"]
[Black "Brueggemann, Joachim"]
[Result "1-0"]
[WhiteElo "2660"]
[BlackElo "2404"]
[Annotator "Ftacnik,L"]
[PlyCount "95"]
[EventDate "2004.11.12"]
[EventType "team-tourn"]
[EventRounds "15"]
[EventCountry "GER"]
[SourceTitle "CBM 106"]
[Source "ChessBase"]
[SourceDate "2005.06.06"]
[SourceVersion "1"]
[SourceVersionDate "2005.06.06"]
[SourceQuality "1"]
[WhiteTeam "Porz"]
[BlackTeam "Erfurt"]
[WhiteTeamCountry "GER"]
[BlackTeamCountry "GER"]

1. d4 Nf6 2. c4 e6 3. g3 Bb4+ 4. Bd2 Bxd2+ 5. Qxd2 O-O 6. Bg2 d6 7. Nc3 Nbd7 8.
Nf3 Re8 9. O-O e5 10. Rad1 h6 (10... exd4 11. Nxd4 a5 12. b3 Nc5 13. Qc2 Bd7
14. a3 Qc8 15. Nd5 Nxd5 16. cxd5 Bh3 17. Bxh3 Qxh3 18. b4 axb4 19. axb4 Na6 {
0-1 Lopez Martinez,J-Vehi Bach,V/Badalona 2003/ (45)}) (10... a6 11. Rfe1 (11.
a3 Rb8 12. Ne1 Qe7 13. Nc2 exd4 14. Qxd4 Ne5 15. Ne3 Bd7 16. Ncd5 Nxd5 17. Nxd5
Qd8 18. Rd2 b5 19. cxb5 axb5 20. b3 {1/2-1/2 Deutschmann,R-Fischer,G/Graz 1997/
(72)}) 11... Rb8 12. e4 b5 13. dxe5 dxe5 14. c5 b4 15. c6 bxc3 16. Qxc3 Qe7 17.
cxd7 Bxd7 18. b3 c5 19. Nd2 Bg4 20. f3 Be6 21. Qxe5 Qa7 22. Qc3 c4+ 23. Kh1
cxb3 24. axb3 Rec8 {1/2-1/2 Polak,T-Loginov,V/Vienna 1995/ (58)}) 11. e4 c6 (
11... exd4 12. Nxd4 Nc5 13. Rfe1 Bg4 14. f3 Bh5 15. b4 Ncd7 16. g4 Bg6 17. Nd5
c6 18. Ne3 Qb6 19. Kh1 Rad8 20. Ndf5 Bxf5 21. gxf5 Ne5 {1/2-1/2 De Lange,
D-Heggheim,B/Hamar 1982/ (47)}) 12. Nh4 $5 {Beliavsky fights in any position,
white knight aims at the weak spot d6.} Qc7 (12... Nb6 13. b3 Qe7 14. dxe5 dxe5
15. Qd6 Nfd5 16. Qxe7 Nxe7 17. Rd6 $14) 13. Nf5 Nf8 (13... Nb6 14. dxe5 Nxc4
15. Qd4 Bxf5 16. exf6 Be6 17. b3 c5 18. Nd5 Bxd5 19. Qxd5 Ne5 20. fxg7 $16) 14.
dxe5 dxe5 15. Nd6 Re7 (15... Rd8 16. Ndb5 Qd7 17. Qe3 Qe7 18. Rxd8 Qxd8 19. Rd1
Qe7 20. Nd6 $14) 16. c5 b6 $1 {[%mdl 256] Brueggemann is not losing control
and timely undermines the advanced c5 pawn.} (16... Bg4 17. f3 Be6 18. b4 $14
a5 19. a3 axb4 20. axb4 $14) 17. Qe3 Bg4 (17... Ne6 18. Nf5 (18. Bh3 Bd7 19.
Bxe6 Bxe6 20. f4 Bh3 21. Rfe1) 18... Rd7 19. Na4 Rb8 20. Rxd7 Bxd7 21. b3 $14)
(17... Ng4 18. Qe2 bxc5 $2 19. Nxc8 Qxc8 20. Bh3 $18) 18. f3 Be6 19. Rd2 N8d7
20. cxb6 (20. b4 bxc5 21. bxc5 Rb8 $11) 20... axb6 (20... Qxb6 $5 21. Qf2 Nc5
22. Rfd1 Rd8 $11) 21. Rc1 {White has not achieved much, but the pawn assymetry
gives him scope for further fighting.} Qa7 22. b3 Qa3 (22... Nc5 23. Rcd1 Rd7
24. b4 Nb7 $11) 23. Rcc2 (23. Ne2 Nc5 24. Qc3 Ne8 25. Nxe8 Rexe8 $11) 23... Nc5
24. Nb1 Qb4 25. Nc4 Nfd7 26. Bf1 f6 (26... Ree8 27. Rc3 Nb7 28. a3 Qe7 29. Nxb6
Nxb6 30. Qxb6 $14) 27. Rc3 $1 {Black queen had showed great courage, but now
she is about to be rounded.} Nb7 28. a3 Qc5 29. b4 $6 {It was much better to
win the pawn after swap of the queen since now the advantage will be rather
small.} (29. Qxc5 Nbxc5 30. Nxb6 Nxb6 31. Rxc5 Bxb3 32. Rxc6 $16) 29... Qxe3+
30. Nxe3 Nd8 (30... Nb8 31. Bc4 Bxc4 32. Nxc4 b5 33. Ne3 $14) 31. Rd6 (31. Bc4
$14) 31... b5 32. Nf5 (32. Rdxc6 $5 Nxc6 33. Rxc6 Ba2 (33... Rb8 34. Nc3 $16)
34. Nc3 Rxa3 35. Bxb5 $14) 32... Re8 33. Nd2 Kh7 34. Kf2 Nf8 35. Be2 Bd7 (35...
g6 36. Ne3 Re7 37. f4 Rd7 38. Rcd3 $14) 36. Bd1 Nde6 (36... Nf7 37. Rdd3 Red8
38. Ne7 $14) (36... g6 $5 37. Ne3 Nf7 38. Rdd3 Red8 39. h4 Ne6 $11) 37. Rcd3
Ra7 {Black is defending like a lion and Beliavsky finds it hard to penetrate
his position.} (37... c5 38. Rxd7 c4 39. R3d5 Nxd7 40. Rxd7 Rxa3 (40... Red8
41. Rxd8 Rxd8 42. Ke1 $14) 41. Nb1 Ra2+ 42. Be2 Rea8 $13) 38. Nb3 (38. Bb3 g6
39. Ne3 Re7 40. Bxe6 Nxe6 41. Nb3 $14) 38... g6 39. Ne3 Kg7 40. Na5 (40. h4 Re7
41. h5 Rxa3 $11) 40... c5 41. Nd5 Rc8 (41... c4 42. Rc3 f5 (42... Nd4 43. Nxf6
Re6 44. Rxe6 Bxe6 45. Nd5 Bxd5 46. exd5 Rd7 47. a4 Rxd5 48. Rc1 $14) 43. exf5
gxf5 44. f4 e4 (44... Ng6 45. Bh5 $14) 45. Ne3 Nd8 46. Bh5 $14) 42. f4 c4 43.
Rc3 h5 (43... exf4 44. gxf4 Re8 45. a4 $14) 44. Ke3 Be8 (44... h4 45. Be2 hxg3
46. hxg3 Rb8 47. a4 bxa4 48. Bxc4 $16) 45. Bf3 Rd7 $2 {Tired after long
defense black is suddenly going under very quickly.} (45... Rf7 46. a4 Nd4 47.
f5 bxa4 48. fxg6 Nxg6 49. Rxc4 Rxc4 50. Nxc4 $14) 46. Rb6 $1 Rf7 47. Nb7 Rc6 (
47... Rd7 48. Nd6 Ra8 49. Nxb5 $18) 48. Nd6 (48. Nd6 Rxb6 49. Nxe8+ Kg8 50.
Nxb6 $18) 1-0

[Event "Interzonal-14b"]
[Site "Szirak"]
[Date "1987.??.??"]
[Round "11"]
[White "Beliavsky, Alexander G"]
[Black "Salov, Valery"]
[Result "0-1"]
[WhiteElo "2630"]
[BlackElo "2575"]
[Annotator "Ftacnik,L"]
[PlyCount "82"]
[EventDate "1987.07.??"]
[EventType "tourn"]
[EventRounds "17"]
[EventCountry "HUN"]
[EventCategory "12"]
[SourceTitle "CBM 003"]
[Source "ChessBase"]
[SourceDate "1988.04.01"]
[SourceVersion "1"]
[SourceVersionDate "1988.04.01"]
[SourceQuality "1"]

1. d4 Nf6 2. c4 e6 3. Nf3 Bb4+ 4. Bd2 c5 5. Bxb4 cxb4 6. a3 bxa3 7. Nxa3 O-O 8.
e3 Nc6 9. Be2 b6 10. O-O d6 $10 11. Qb1 $6 (11. Nc2 $10) 11... a5 12. Rd1 (12.
Nc2 e5 $1 13. b4 Bf5) 12... Ba6 13. Nc2 d5 14. b3 Ne4 $15 15. Qb2 f5 16. g3 $6
(16. Bd3 $5 Qe7 $15) 16... g5 17. Ne5 Nxe5 18. dxe5 Qc7 $1 {(+) e5} 19. Na3
dxc4 20. Bxc4 Bxc4 21. Nxc4 g4 $1 {(+) f3, h3} 22. h4 $5 (22. Nd6 Ng5 23. Rac1
Qg7) (22. Qd4 b5 23. Qb6 Qxb6 24. Nxb6 Ra6 25. Nd7 Rc8 $17) 22... gxh3 23. Kh2
Qg7 24. Re1 $5 (24. Nxb6 Rad8 $1) 24... Qg4 $1 (24... f4 $2 25. exf4 Rxf4 26.
Rxe4 $1 (26. Re2 $2 Raf8 27. Rf1 Nxg3 28. Rg1 Nxe2 29. Rxg7+ Kxg7 $19) 26...
Rxe4 27. f3 $1 $10) 25. Qe2 Rad8 26. Nd6 Ng5 27. Ra4 $8 Qxe2 (27... Qf3 28. Qf1
$1) 28. Rxe2 Nf3+ 29. Kh1 (29. Kxh3 Ng1+) 29... Nxe5 30. Rd4 Nf3 31. Rd3 Rd7
32. e4 Ne5 $1 33. Rd1 f4 $1 $19 (33... Rfd8 $2 34. exf5 Nf3 35. Re3 $1) 34.
gxf4 Rxf4 35. Rc2 Rxe4 36. f3 (36. Rg1+ Rg4) 36... Nxf3 $1 37. Rg1+ (37. Rc8+
Kg7 38. Nf5+ Kf6 39. Rf8+ Ke5 40. Rxd7 Re1#) 37... Nxg1 38. Nxe4 Rd1 39. Kh2
Re1 40. Rc8+ Kg7 41. Nd6 Nf3+ 0-1

[Event "RUS-chT 11th"]
[Site "Sochi"]
[Date "2004.04.25"]
[Round "6.3"]
[White "Sakaev, Konstantin"]
[Black "Meister, Jakob"]
[Result "0-1"]
[WhiteElo "2665"]
[BlackElo "2505"]
[Annotator "Ftacnik,L"]
[PlyCount "124"]
[EventDate "2004.04.20"]
[EventType "team-tourn"]
[EventRounds "9"]
[EventCountry "RUS"]
[SourceTitle "EXT 2020"]
[Source "ChessBase"]
[SourceDate "2019.10.17"]
[SourceVersion "1"]
[SourceVersionDate "2019.10.17"]
[SourceQuality "1"]
[WhiteTeam "Ekaterinburg Max Ven"]
[BlackTeam "Togliatti Lada"]
[WhiteTeamCountry "RUS"]
[BlackTeamCountry "RUS"]

1. d4 e6 2. c4 Bb4+ 3. Nd2 d5 4. a3 Be7 5. Ngf3 Nf6 6. e3 O-O 7. b4 a5 8. b5 c5
9. bxc6 bxc6 10. c5 Nbd7 11. Bb2 (11. a4 $5) 11... a4 {The heavy fixed
structure like this one are not asy to play. Black must cope with less space
while white has problems to sensibly open up the position.} (11... Qc7 12. Bd3
Ba6 13. Bxa6 Rxa6 14. Qc2 Rb8 15. Bc3 Ne8 16. O-O e5 17. e4 exd4 18. Bxd4 Nef6
19. Rfe1 Raa8 20. exd5 Nxd5 21. Qf5 Bf6 22. Ne4 Bxd4 23. Nxd4 Re8 24. Nb5 cxb5
25. Qxd5 Rad8 {1/2-1/2 Grigorian,K-Knezevic,M/Yerevan 1980/ (41)}) (11... Ng4
12. Qc2 f5 13. h3 Ngf6 14. Ng5 Nb8 15. Be2 h6 16. Ngf3 Nbd7 17. O-O Qc7 18. Ne1
Ne4 19. Nd3 Nxd2 20. Qxd2 Ba6 {1/2-1/2 Dizdar,G-Wahls,M/Dresden 1998/ (27)})
12. Qc2 Qc7 13. h3 (13. e4 Nxe4 14. Nxe4 dxe4 15. Qxe4 Ba6 $11) 13... Qa7 14.
Rc1 (14. g4 e5 $5 15. dxe5 Ne4 16. Nxe4 dxe4 17. Nd2 Nxc5 18. Bd4 (18. Nxe4
Nxe4 19. Qxe4 Qa5+ $15) 18... Qa5 19. Bxc5 Bxc5 20. Bg2 Be7 21. Bxe4 Qxe5 22.
O-O $14) 14... Bd8 15. Be2 Bc7 16. g4 Ba5 (16... Ba6 17. Qxa4 Qb7 18. Bxa6 Rxa6
19. Qc2 Rb8 20. Rb1 $14) 17. O-O $2 {Sakaev makes a reckless move and will be
left with difficulties. The best 17.Bc3!? would avoid all structural problems
and promise small advantage.} (17. Bc3 $5 Bxc3 (17... Ba6 18. Qxa4 Bxe2 19.
Kxe2 Qc7 20. Qc2 Bxc3 21. Qxc3 Rfe8 22. g5 Ne4 23. Nxe4 dxe4 24. Nd2 e5 25.
Nxe4 exd4 26. Qxd4 Rxa3 27. Rhd1 $14) 18. Qxc3 Ba6 19. Bd1 Bb5 20. Bc2 $14)
17... Bxd2 $1 18. Nxd2 Ba6 19. Bxa6 Qxa6 20. Bc3 (20. e4 Nxe4 21. Nxe4 dxe4 22.
Qxe4 Rab8 23. Rc2 Rb3 $17) 20... Ne8 21. Rb1 Nc7 22. Rb4 f5 23. Qd1 (23. gxf5
Rxf5 24. Re1 Rf6 25. e4 Rh6 26. Kh2 dxe4 27. Rxe4 Nd5 $17) 23... Qd3 24. Nb1
Qxd1 25. Rxd1 Rfb8 {The endgame is better for black, since white has no future
for his dark squared bishop.} 26. f3 (26. gxf5 exf5 27. Rd2 Rxb4 28. Bxb4 Nb5
$15) 26... Rxb4 27. Bxb4 Nb5 28. Kg2 Re8 29. Nc3 (29. Kg3 Kf7 $15) 29... Nxc3
30. Bxc3 Rb8 31. Bb4 Kf7 32. Kg3 Kf6 33. h4 fxg4 34. Kxg4 $2 {Sakaev must have
been worried about his prospects by now, but with timely opening of the
position he could still hope to comfortably hold the position.} (34. fxg4 $1
Ke7 (34... e5 35. e4 $1 dxe4 36. d5 $14) 35. g5 Rf8 36. e4 $1 dxe4 37. Re1 Rf3+
38. Kg4 Rd3 39. Rxe4 Nb8 40. d5 Rxd5 41. Bc3 Nd7 42. Rxa4 e5 43. Ra7 $11) 34...
Ke7 35. Kg3 (35. e4 e5 36. Kg5 (36. exd5 Nf6+ 37. Kg3 Nxd5 $15) 36... dxe4 37.
fxe4 exd4 38. Rxd4 Ne5 $11) 35... Nf6 36. Rg1 Ne8 37. Kf4 Kf6 (37... g6 38. e4
Nc7 39. h5 Kf6 $11) 38. h5 Nc7 39. e4 Nb5 40. Rd1 (40. e5+ Kf7 41. Ke3 Nxa3 $1
$17) 40... g6 (40... dxe4 41. fxe4 Rd8 42. e5+ Ke7 43. Ke4 g5 44. hxg6 hxg6 45.
Rd3 Rh8 $15) 41. hxg6 hxg6 42. exd5 (42. e5+ Ke7 43. Kg5 Rh8 44. Rd3 Rh1 45.
Kf4 Rh4+ 46. Ke3 g5 47. Be1 Rh2 48. Bb4 Rh3 49. Ke2 Rh4 50. Ke3 g4 51. fxg4
Rxg4 $17) 42... exd5 43. Rh1 Kg7 {[%mdl 4096] The weaknesses a3 and d4 are
very irritating for white, bishop on b4 is no hero.} (43... Nxd4 $2 44. Bc3 $18
) (43... Re8 44. Rh7 Re2 45. Rh8 g5+ 46. Kg4 Rg2+ 47. Kh3 Rc2 48. Rh6+ Kf5 49.
Rxc6 Nxd4 $17) 44. Kg5 Rf8 45. f4 Rf5+ 46. Kg4 Rh5 $1 {Excellent move, black
is exchanging rooks in order to win d4 pawn.} 47. Rxh5 (47. Re1 Rh2 48. Re6
Nxd4 49. Bc3 Kf7 $17) 47... gxh5+ 48. Kxh5 Kf7 49. Kg4 Nxd4 50. Bc3 Nc2 51. Bb2
Ne3+ 52. Kf3 Nc4 53. Bc1 Ke6 54. Ke2 (54. Kg4 d4 $1 55. f5+ Kf6 56. Kf4 d3 $19)
54... Na5 $1 {The last fine manouver in the game, black attacks c5 pawn and
controls d4 square for later advance of his d pawn.} (54... Kf5 55. Kd3 Kg4 $17
) 55. Bd2 Nb3 56. Be3 Kf6 57. Kd3 Kf5 58. Bg1 (58. Kc3 Ke4 59. Bg1 d4+ $19)
58... Kxf4 59. Kc3 Ke4 60. Kb4 d4 61. Kxa4 Nxc5+ 62. Kb4 d3 0-1

[Event "Dos Hermanas-B"]
[Site "Dos Hermanas"]
[Date "2005.04.01"]
[Round "1"]
[White "Franco Ocampos, Zenon"]
[Black "Cheparinov, Ivan"]
[Result "1-0"]
[WhiteElo "2519"]
[BlackElo "2621"]
[Annotator "Ftacnik,L"]
[PlyCount "58"]
[EventDate "2005.04.01"]
[EventType "tourn"]
[EventRounds "9"]
[EventCountry "ESP"]
[EventCategory "10"]
[SourceTitle "CBM 107"]
[Source "ChessBase"]
[SourceDate "2005.08.01"]
[SourceVersion "1"]
[SourceVersionDate "2005.08.01"]
[SourceQuality "1"]

1. d4 Nf6 2. c4 e6 3. Nf3 d5 4. e3 Bb4+ 5. Nbd2 O-O 6. a3 Bd6 7. Bd3 b6 8. e4
dxe4 9. Nxe4 Bb7 $6 {[%mdl 4] Rather reckless move from Cheparinov will put
him in a difficult situation, much better is 9...Nbd7 first.} (9... Nbd7 10.
O-O Bb7 11. Qe2 (11. Nxd6 cxd6 12. Bg5 h6 13. Bh4 d5 14. cxd5 Bxd5 15. Re1 Qc7
16. Ne5 Rfc8 17. Re3 Bb7 18. Qd2 Nxe5 19. dxe5 Nd5 20. Re4 {1-0 Kortschnoj,
V-Timman,J/Horgen 1995/ (32)}) 11... Nxe4 12. Bxe4 Bxe4 13. Qxe4 c5 14. Rd1 Qc7
15. Bg5 Rae8 16. Qd3 Be7 17. Bxe7 Rxe7 {1/2-1/2 Ibragimov,I-Sokolov,A/Elista
1996/ (26)}) (9... Be7 10. Nxf6+ Bxf6 11. Be4 c6 12. Be3 g6 13. h4 Bg7 14. Ne5
Ba6 15. h5 Bxe5 16. dxe5 Qxd1+ 17. Rxd1 Bxc4 18. hxg6 fxg6 19. Rd6 {1-0 Knaak,
R-Schoeneberg,M/Leipzig 1986/ (33)}) 10. Nxf6+ $1 (10. Qc2 Nbd7 11. Bg5 h6 12.
h4 Be7 13. O-O-O c5 14. Bxf6 Nxf6 15. d5 exd5 16. Nxf6+ Bxf6 17. Bh7+ Kh8 18.
Be4 dxe4 19. Rxd8 Raxd8 20. Ng5 Rd4 21. f3 {1/2-1/2 Rabar,B-Nievergelt,E/
Belgrade 1954/ (21)}) (10. Bg5 Be7 11. Qc2 Nxe4 12. Bxe4 Bxe4 13. Qxe4 Nd7 14.
h4 Nf6 15. Qc2 c5 16. O-O-O cxd4 17. Rxd4 Qc7 18. h5 Rfd8 19. Rxd8+ Rxd8 20. h6
{1-0 Flear,G-Hawksworth,J/Southport 1983/ (38)}) 10... gxf6 (10... Qxf6 11. Bg5
Bxf3 12. Qd2 {1-0 Lugovoi,A-Balashov,Y/Krasnoyarsk 2003/ (12)}) 11. Bh6 Re8 12.
Ne5 $1 f5 13. Qh5 Qf6 14. O-O-O $6 {Franco ocampos is missing his golden
chance to decide the game right away with spirited combination 14.Ng4!?} (14.
Ng4 $5 Qg6 (14... fxg4 15. Bxh7+ Kh8 (15... Kxh7 16. Bg5+ Kg7 17. Bxf6+ Kxf6
$18) 16. Bd3 Kg8 17. Qxg4+ Kh8 18. Bg5 Qg7 19. Qh4+ Kg8 20. Bf6 Be7 21. Bxe7
$18) (14... Qxd4 15. Qg5+ Kh8 16. Nf6 $18) 15. Qxg6+ fxg6 16. Nf6+ Kf7 17. Nxe8
Kxe8 18. f3 $18) 14... Nc6 15. f4 (15. Nd7 Qe7 16. Bxf5 exf5 17. Qxf5 f6 18.
Nxf6+ Kh8 19. Nxe8 Rxe8 20. Rhe1 $18) 15... Nxd4 16. Rhe1 (16. Rhg1 Bxe5 17.
fxe5 Qg6 18. Qh3 Be4 $11) 16... Nc6 $2 {Modest retreat in the moment, when
Cheparinov could have probably saved the day with the daring move 16...Bxe5!?}
(16... Bxe5 $5 17. fxe5 Qg6 18. Qh4 (18. Qg5 Qxg5+ 19. Bxg5 c5 $11) 18... Bxg2
19. Be4 Nb3+ 20. Kc2 fxe4 21. Kxb3 $11) 17. Bg5 Qg7 18. Nd7 $1 Be7 (18... Red8
19. Nf6+ Kh8 20. Re3 Bxf4 21. Bxf4 Qxf6 22. Bg5 Qg6 23. Qh4 $18) 19. Re3 (19.
g4 Red8 (19... Rad8 20. gxf5 Bxg5 21. fxg5 Rxd7 22. fxe6 Rde7 23. exf7+ Qxf7
24. Bxh7+ Qxh7 25. Qxe8+ Rxe8 26. Rxe8+ Kf7 27. Rd7+ Kxe8 28. Rxh7 $18) 20.
Bxe7 Nxe7 21. gxf5 Rxd7 22. f6 Qxf6 23. Bxh7+ Kf8 24. Rxd7 Qxf4+ 25. Kb1 $18)
19... Rad8 (19... Qg6 20. Qh4 Bxg5 21. fxg5 Red8 22. Bc2 Kh8 23. g4 $16) 20.
Bc2 {White is prepared for the direct attack against black king, the knight on
d7 severely restricts black's freedom of movement.} (20. Rg3 Rxd7 21. Bxe7 Nxe7
22. Rxg7+ Kxg7 23. Bc2 $16) 20... Bxg5 21. fxg5 Rxd7 (21... Kh8 22. Rh3 Qg6 23.
Nf6 Qxh5 24. Rxh5 Kg7 25. Rxh7+ Kg6 26. h4 $18) 22. Rxd7 Nd4 23. g3 (23. g4 f4
24. Re5 $1 Bc6 (24... Nxc2 25. Kxc2 Bf3 26. h3 $16) 25. Bxh7+ Qxh7 26. Rxd4 $18
) 23... Rf8 (23... Rc8 24. Qh4 Nf3 25. Qf4 Bc6 26. Rd1 (26. Rxc7 Rxc7 27. Qxc7
Qxg5 28. Qf4 Qxf4 29. gxf4 Nxh2 $11) 26... Nxg5 (26... Nxh2 27. Red3 Rf8 28.
Rd8 $16) 27. g4 fxg4 28. Qxg4 $18) (23... Nxc2 24. Kxc2 (24. Rxe6 Rf8 25. Kxc2
Bc8 26. Ree7 Bxd7 27. Rxd7 $16) 24... Be4+ 25. Kb3 $18) 24. Qh6 $1 {The timely
exchange of queens will rob black of any real counterplay.} Nxc2 (24... Qxh6
25. gxh6 Nxc2 26. Kxc2 Be4+ 27. Kc3 Rc8 28. b4 $16) 25. Qxg7+ Kxg7 26. Kxc2
Be4+ 27. Kc3 Rc8 28. g4 (28. b3 a6 29. h4 $16) 28... Kg6 29. h4 Bc6 (29... Bc6
30. gxf5+ exf5 31. Rde7 $16) 1-0

[Event "Julian Borowski-B 3rd"]
[Site "Essen"]
[Date "2001.05.03"]
[Round "2"]
[White "Pelletier, Yannick"]
[Black "Naiditsch, Arkadij"]
[Result "0-1"]
[WhiteElo "2531"]
[BlackElo "2487"]
[Annotator "Ftacnik,L"]
[PlyCount "62"]
[EventDate "2001.05.02"]
[EventType "tourn"]
[EventRounds "9"]
[EventCountry "GER"]
[EventCategory "9"]
[SourceTitle "CBM 083"]
[Source "ChessBase"]
[SourceDate "2001.07.05"]
[SourceVersion "1"]
[SourceVersionDate "2001.07.05"]
[SourceQuality "1"]

1. d4 {Konikowski} Nf6 2. c4 e6 3. Nf3 Bb4+ 4. Bd2 Qe7 5. g3 Nc6 6. Nc3 Bxc3 7.
Bxc3 Ne4 8. Qc2 Nxc3 9. Qxc3 O-O 10. Bg2 d6 11. O-O e5 12. d5 Nd8 13. c5 f5 14.
Rac1 Nf7 15. cxd6 (15. Nd2 {Konikowski} Qf6 16. f4 Qh6 17. e3 Qh5 18. Nc4 e4
$13 {Sherwin,J-Masserey,Y/SUI 1999/}) 15... cxd6 16. Qe3 Qf6 (16... Qd8 17. Rc4
Qa5 18. Rfc1 Qxa2 19. Qd2 Bd7 20. Rc7 Rfd8 21. Ng5 Nxg5 22. Qxg5 Qxb2 23. Bh3
$40 {Novikov,I-Sedina,E/Saint Vincent 1998/ (27) 1-0}) 17. Rc7 b6 18. h4 $6 {
Black's set up is very solid, but white could have gained some plus with the
consequent pressure along the open c file.} (18. Rfc1 $5 Ba6 19. R1c3 Rfc8 20.
Rxc8+ Rxc8 21. Rxc8+ Bxc8 22. Nd4 $1 Bb7 23. Nc6 $14) 18... Ba6 19. Ng5 Nxg5
20. hxg5 (20. Qxg5 $2 Qxg5 21. hxg5 Bxe2 $17) 20... Qd8 21. Rfc1 f4 $1 {
Correct counterplay as white will have to worry about the exposed g5 pawn.} 22.
gxf4 (22. Qd2 fxg3 23. fxg3 Rc8 24. Rxa7 Rxc1+ 25. Qxc1 Bxe2 $15) 22... Rxf4
23. Qg3 {'?' Konikowski.} (23. Qh3 $142 $1 {Konikowski} Qxg5 24. Qe6+ Kh8 25.
e3 Rff8 (25... Rg4 $4 {Konikowski} 26. Rc8+ $1 $18) 26. Qxd6 Qf5 $13) 23... Rc8
24. R7c6 (24. Rxc8 $5 Bxc8 25. Qc3 Ba6 26. Qh3 $13) 24... Bb7 25. e3 Rf8 (25...
Bxc6 26. exf4 exf4 27. Qxf4 Bd7 $11) 26. Rxc8 Bxc8 27. Be4 g6 28. Bd3 Qe7 29.
e4 (29. b4 e4 30. Bb5 Bb7 31. Bc6 Rf5 $17) 29... Qd8 30. a4 $2 {White misses a
nice tactical shot, this blunder will cost him two pawns.} (30. Rc3 Rf4 31. f3
$11) 30... Rf4 $1 31. f3 (31. Kf1 Bg4 32. Ke1 Qxg5 $19) 31... Rxf3 (31... Rxf3
32. Qxf3 Qxg5+ 33. Kh2 Qxc1 $19) 0-1

[Event "Abu Dhabi op 13th"]
[Site "Abu Dhabi"]
[Date "2003.08.25"]
[Round "9"]
[White "Neverov, Valeriy"]
[Black "Bagheri, Amir"]
[Result "0-1"]
[WhiteElo "2566"]
[BlackElo "2500"]
[Annotator "Ftacnik,L"]
[PlyCount "118"]
[EventDate "2003.08.16"]
[EventType "swiss"]
[EventRounds "9"]
[EventCountry "UAE"]
[SourceTitle "CBM 097"]
[Source "ChessBase"]
[SourceDate "2003.11.11"]
[SourceVersion "1"]
[SourceVersionDate "2003.11.11"]
[SourceQuality "1"]

1. d4 Nf6 2. c4 e6 3. Nf3 Bb4+ 4. Bd2 c5 5. Bxb4 cxb4 6. a3 Nc6 7. e3 O-O 8.
Be2 bxa3 9. Rxa3 d6 10. O-O e5 11. Nc3 Bg4 12. h3 Bh5 13. Qd2 Re8 14. Rd1 a6 {
Black seems to have solved his opening problems to the full satisfaction, his
pieces work harmoniously with the pawn structure.} 15. dxe5 dxe5 (15... Nxe5
16. g4 Bg6 17. Qxd6 Nxf3+ 18. Bxf3 $16) 16. Qc1 Qc8 17. g4 e4 (17... Bxg4 18.
hxg4 Qxg4+ 19. Kf1 Qh3+ 20. Ke1 Qh1+ 21. Kd2 Qg2 22. Rf1 $14) 18. Nh2 Bg6 19.
Nd5 Nxd5 (19... Qd8 $5 20. Nf4 Qe7 21. Nd5 Qd8 $11) 20. cxd5 Ne5 21. Rc3 (21.
Qxc8 Raxc8 22. f4 exf3 23. Nxf3 Rc2 24. Nxe5 Rxe2 25. Nxg6 hxg6 26. Rb3 Rc8 27.
Rc3 Rxc3 28. bxc3 Kf8 29. Rd3 $11) 21... Qd8 22. Rd4 Qd6 (22... Qh4 23. Kg2
Rad8 $15) 23. Nf1 f5 $1 {White's exposed kingside is a perfect object of
black's interest.} 24. Ng3 (24. gxf5 Bxf5 25. Ng3 Bxh3 26. Nxe4 Qg6+ 27. Ng3
Rec8 $15) 24... fxg4 25. hxg4 Rad8 (25... Rf8 26. Nxe4 Bxe4 27. Rxe4 Qxd5 28.
Qc2 b5 29. f4 Nf7 $11) 26. Nxe4 Bxe4 27. Rxe4 Qxd5 28. Qc2 (28. Rd4 Nf3+ 29.
Bxf3 Qxf3 30. Qd2 Rxd4 31. Qxd4 Rf8 $15) 28... Kh8 29. Rc5 (29. f4 Nc6 30.
Rxe8+ Rxe8 31. g5 (31. Bxa6 bxa6 32. Rxc6 Qf3 $15) 31... Qd7 32. Bf3 $11) 29...
Qd6 30. Qc3 Nc6 31. Rxe8+ Rxe8 32. Kg2 (32. Bxa6 Qd1+ 33. Bf1 Qxg4+ 34. Bg2
Qd1+ 35. Kh2 Re6 36. Qd4 Rh6+ 37. Kg3 $11) 32... h6 33. Bf3 (33. Bxa6 Qd1 34.
Bxb7 Qxg4+ 35. Kh2 Qh4+ $11) 33... Rf8 34. Rd5 (34. g5 Qe6 35. Be2 Qg6 $11)
34... Qe6 35. Qc5 Ne7 36. Rf5 $6 {Neverov is missing a small combination with
39...Ng3+! for black, the best move 36.Rd2 would promise him some advantage.} (
36. Rd2 Ng6 (36... b5 37. Qd6 Qf7 38. Be4 a5 39. Qe5 $16) 37. Bxb7 Qxg4+ 38.
Kf1 $14) 36... Rxf5 37. gxf5 Nxf5 38. Bxb7 Qg6+ 39. Kf1 $2 (39. Kh2 Qh5+ 40.
Kg1 Qg6+ 41. Bg2 Nh4 42. Qc6 Qxg2+ 43. Qxg2 Nxg2 44. Kxg2 Kg8 $11) 39... Ng3+
$1 40. fxg3 (40. Ke1 Qb1+ 41. Kd2 Qxb2+ 42. Kd3 Qe2+ 43. Kd4 Qd2+ 44. Kc4 Qxf2
$17) 40... Qb1+ 41. Ke2 Qxb2+ 42. Kd3 Qxb7 {[%mdl 4096] The queen endgame is
pretty dangerous, as the a pawn can become very mobile.} 43. e4 Qb1+ (43...
Qb5+ 44. Kd4 (44. Qxb5 axb5 45. Kd4 g5 46. Kd5 b4 47. e5 b3 48. e6 Kg7 49. Kd6
b2 $19) 44... Qb2+ 45. Kd5 $15) 44. Kd4 Qd1+ 45. Ke5 Qd8 46. Qd6 (46. Qa3 a5
$15) 46... Qg5+ 47. Ke6 (47. Kd4 Qd2+ 48. Ke5 Qc3+ 49. Ke6 Qb3+ $17) 47... a5
48. e5 a4 49. Kd5 (49. Qf8+ Kh7 50. Qf5+ Qxf5+ 51. Kxf5 a3 52. e6 g6+ 53. Kf6
a2 $19) 49... Kh7 (49... Qxg3 50. e6 Qf3+ 51. Kc5 a3 52. e7 Qe3+ 53. Kd5 a2 54.
Qd8+ Kh7 55. e8=Q Qd3+ 56. Ke6 Qxd8 57. Qxd8 a1=Q 58. Qd3+ g6 $19) 50. Qa3 {
White is in pain to stop the a pawn, black has excellent reasons to believe in
his winning chances.} Qd2+ 51. Ke6 Qd1 52. Qd6 Qb3+ 53. Kf5 Qf3+ 54. Ke6 a3 55.
Ke7 Qxg3 56. Qd5 a2 57. Qxa2 Qxe5+ 58. Kd8 Qf6+ 59. Kc7 Qf5 0-1